LEADER 01740nam 2200409 n 450 001 996397554703316 005 20200818213133.0 035 $a(CKB)4940000000065660 035 $a(EEBO)2248502331 035 $a(UnM)99867196e 035 $a(UnM)99867196 035 $a(EXLCZ)994940000000065660 100 $a19940504d1658 uh | 101 0 $aeng 135 $aurbn||||a|bb| 200 12$aA declaration of His Highness, for a collection towards the relief of divers Protestant churches driven out of Poland; and of twenty Protestant families driven out of the confines of Bohemia$b[electronic resource] 210 $a[London $cPrinted by Henry Hills, and John Field, Printers to His Highness$d1658] 215 $a4 p 300 $aCaption title. 300 $aImprint from colophon. 300 $aWoodcut above caption; initial letter. 300 $aAnnotation on Thomason copy: "May 2. 1658". 300 $aReproductions of the original in the British Library. 330 $aeebo-0018 606 $aChurch charities$zEngland$vEarly works to 1800 606 $aWaldenses$vEarly works to 1800 606 $aProtestant churches$zPoland$vEarly works to 1800 607 $aPoland$xChurch history$y17th century$vEarly works to 1800 607 $aBohemia (Czech Republic)$xChurch history$y17th century$vEarly works to 1800 615 0$aChurch charities 615 0$aWaldenses 615 0$aProtestant churches 801 0$bCu-RivES 906 $aBOOK 912 $a996397554703316 996 $aA declaration of His Highness, for a collection towards the relief of divers Protestant churches driven out of Poland; and of twenty Protestant families driven out of the confines of Bohemia$92306014 997 $aUNISA LEADER 04532oam 2200673I 450 001 9910465397903321 005 20200520144314.0 010 $a0-429-10987-3 010 $a1-138-19955-9 010 $a1-4398-7215-5 024 7 $a10.1201/b12696 035 $a(CKB)2560000000090218 035 $a(EBL)988738 035 $a(OCoLC)818858921 035 $a(SSID)ssj0000713558 035 $a(PQKBManifestationID)11400185 035 $a(PQKBTitleCode)TC0000713558 035 $a(PQKBWorkID)10659086 035 $a(PQKB)10074663 035 $a(MiAaPQ)EBC988738 035 $a(Au-PeEL)EBL988738 035 $a(CaPaEBR)ebr10587644 035 $a(CaONFJC)MIL693506 035 $a(OCoLC)816678653 035 $a(EXLCZ)992560000000090218 100 $a20180331d2013 uy 0 101 0 $aeng 135 $aur|n|---||||| 181 $ctxt 182 $cc 183 $acr 200 00$aChronic inflammation $emolecular pathophysiology, nutritional and therapeutic interventions /$fedited by Sashwati Roy, Debasis Bagchi, Siba P. Raychaudhuri 210 1$aBoca Raton :$cCRC Press,$d2013. 215 $a1 online resource (463 p.) 300 $aDescription based upon print version of record. 311 $a1-322-62224-8 311 $a1-4398-7211-2 320 $aIncludes bibliographical references and index. 327 $aFront Cover; Contents; Preface; Editors; Contributors; Chapter 1 - At the Interface between Acute and Chronic Inflammation: Insights from Computational Modeling; Chapter 2 - The Cellular Component of Chronic Inflammation; Chapter 3 - Mast Cells in Chronic Inflammation; Chapter 4 - Hypoxia and Hypoxia-Inducible Factor in Inflammation; Chapter 5 - Bioactive Phospholipid Mediators of Inflammation; Chapter 6 - Hematopoietic Stem Cells in Atherosclerotic Development and Resolution; Chapter 7 - Inflammation as a Confounding Factor in Regenerative Medicine 327 $aChapter 8 - NOX in the CNS: Inflammation and BeyondChapter 9 - Resolution of Inflammation; Chapter 10 - H2S in Inflammation; Chapter 11 - Is There a Connection between Inflammation and Oxidative Stress?; Chapter 12 - Chronic Inflammation and Cancer: A Matter of Lifestyle; Chapter 13 - Chronic Wounds and Inflammation; Chapter 14 - Multiphasic Roles for TGF-Beta in Scarring: Implications for Therapeutic Intervention; Chapter 15 - Natural Vitamin E Tocotrienol against Neuroinflammation and Oxidative Stress; Chapter 16 - Inflammatory Cascades in Autoimmune Disease 327 $aChapter 17 - Shear Stress and Vascular Inflammation: A Study in the LungChapter 18 - NGF and Its Receptor System in Inflammatory Diseases; Chapter 19 - Inflammation, Oxidative Stress, and Antioxidants; Chapter 20 - Lipid Biomarkers of Inflammation; Chapter 21 - Physical Activity and Inflammation: An Overview; Chapter 22 - Omega-6 and Omega-3 Polyunsaturated Fatty Acids and Inflammatory Processes; Chapter 23 - Anti-Inflammatory Phytochemicals, Obesity, and Diabetes: An Overview; Chapter 24 - Anti-Inflammatory Nutraceuticals and Herbal Medicines for the Management of Metabolic Syndrome 327 $aChapter 25 - Epigenetics and Nutriepigenomics in Chronic Inflammatory Lung Diseases: Nutritional and Therapeutic InterventionsChapter 26 - Biologics: Molecular Medicine from Bench to Bedside; Chapter 27 - Disease Modifying Anti-Rheumatic Drugs; Chapter 28 - Nonsteroidal Anti-Inflammatory Drugs; Back Cover 330 $aAlthough acute inflammation is a healthy physiological response indicative of wound healing, chronic inflammation has been directly implicated in a wide range of degenerative human health disorders encompassing almost all present day non-communicable diseases including autoimmune diseases, obesity, diabetes and atherosclerosis. Chronic Inflammation: Molecular Pathophysiology, Nutritional and Therapeutic Interventions provides an exposition of the process of chronic inflammation in three parts:Systems Biology of Inflammation and Regulatory Mechanisms 606 $aInflammation$xTreatment 606 $aAnti-inflammatory agents 608 $aElectronic books. 615 0$aInflammation$xTreatment. 615 0$aAnti-inflammatory agents. 676 $a616/.0473 701 $aRoy$b Sashwati$0902582 701 $aBagchi$b Debasis$f1954-$0857473 701 $aRaychaudhuri$b Siba P$0902583 801 0$bMiAaPQ 801 1$bMiAaPQ 801 2$bMiAaPQ 906 $aBOOK 912 $a9910465397903321 996 $aChronic inflammation$92017569 997 $aUNINA LEADER 01131nam a2200337 i 4500 001 991002855759707536 005 20020509104143.0 008 940521s1994 it ||| | ita 020 $a8820482517 035 $ab11071746-39ule_inst 035 $aPARLA170443$9ExL 040 $aDip.to Filosofia$bita 100 1 $aFabris, Adriano$0162157 245 10$aEsperienza e paradosso :$bpercorsi filosofici a confronto /$cAdriano Fabris 260 $aMilano :$bFranco Angeli,$cc1994 300 $a293 p. ;$c22 cm. 490 0 $aFilosofia - FrancoAngeli ;$v495.58 600 14$aBenjamin, Walter 650 4$aErmeneutica 650 4$aGiudaismo 650 4$aHegel, Georg Wilhelm Friedrich 650 4$aHeidegger, Martin 650 4$aLevinas, Emmanuel 650 4$aParadosso 650 4$aRosenzweig, Franz 907 $a.b11071746$b23-02-17$c28-06-02 912 $a991002855759707536 945 $aLE005 MF 24 M 18$g1$i2005000249853$lle005$o-$pE0.00$q-$rl$s- $t0$u1$v0$w1$x0$y.i11200467$z28-06-02 996 $aEsperienza e paradosso$9860416 997 $aUNISALENTO 998 $ale005$b01-01-94$cm$da $e-$fita$git $h0$i1